000 00700cam a2200229 4500
001 ABS62844
008 000000n2000 000 0 eng u
035 _a(Sirsi) u108537
245 _aRegional survey: Cheshire
260 _c2000
490 _aProperty Week
_v65(35) 22 September 2000, 59-68(7)
590 _aABS
650 _aCHESHIRE
650 _aWARRINGTON
650 _aPROPERTY-COMMERCIAL PROPERTY-OFFICE PROPERTY-OFFICE PROPERTY MARKET
650 _aINDUSTRIAL MARKET
650 _aRUNCORN
650 _aPROPERTY-COMMERCIAL PROPERTY-RETAIL PROPERTY-RETAIL PROPERTY MARKET
650 _aCREWE
690 _aPROPERTY-COMMERCIAL PROPERTY-COMMERCIAL PROPERTY MARKET
942 _n0
999 _c64808
_d64808